| 000 | 00507nam a2200169Ia 4500 | ||
|---|---|---|---|
| 008 | 210210b2000 xxu||||| |||| 00| 0 eng d | ||
| 020 | _a81 7544 193 3 | ||
| 082 | _a001.6402 NAGM | ||
| 100 | _aNAGPAL (D P) and VERMA (R P). | ||
| 245 | _aMca (Master of Computer Applications) a guide to MCA Entrance Examinations. Ed 1. | ||
| 250 | _a | ||
| 260 |
_aNew Delhi. _bWheeler Publishing & Co Ltd., _c2000 |
||
| 300 | _aviii,629 | ||
| 650 | _aMCA Entrance | ||
| 690 | _aComputer Entrance | ||
| 906 | _a057193 | ||
| 999 |
_c104547 _d104547 |
||